| 000 | 00759cam a22002651 4500 | ||
|---|---|---|---|
| 001 | 13594 | ||
| 003 | BD-RjUL | ||
| 005 | 20211208235459.0 | ||
| 008 | 140201s1962 nyua b 001 0 eng d | ||
| 035 | _a(BD-RjUL)13646 | ||
| 035 | _a(OCoLC)1689648 | ||
| 040 |
_aDLC _cOT _dOCoLC _dUk _dDLC _dBD-RjUL _beng |
||
| 041 | _aeng | ||
| 082 | 0 | 0 |
_a621.39 _bINT 1962 |
| 100 | 1 |
_aBakish, Robert A., _928374 |
|
| 245 | 1 | 0 |
_aIntroduction to electron beam technology / _cEd. by Robert Bakish |
| 260 |
_aNew York : _bWiley, _cc1962 |
||
| 300 |
_a452 p. : _billus. ; _c24 cm. |
||
| 504 | _aIncludes bibliography and Index | ||
| 650 | 0 |
_aElectron beams. _928372 |
|
| 700 | 1 |
_aBakish,Robert _942530 |
|
| 942 |
_2ddc _cBK |
||
| 999 |
_c13594 _d13594 |
||